Barma : na cestách s Lékaři bez hranic po Myanmaru /

Hlavní autor: Delisle, Guy, 1966-
Jazyk: Čeština
Vydáno: Praha : BB/art, 2011
Vydání: 1. vyd. v českém jazyce
Témata:
Fyzický popis: 270 s. : vše il. ; 24 cm
Knihy
Uloženo v:
LEADER 02001nam a2200565 a 4500
001 nkc20112249007
003 CZ PrNK
005 20120110104937.0
007 ta
008 111026s2011 xr a g 000 1 cze
015 |a cnb002249007 
020 |a 978-80-7381-991-0  |q (váz.) 
035 |a (OCoLC)773171852 
040 |a ABA001  |b cze 
041 1 |a cze  |h fre 
043 |a a-br---  |a n-cn--- 
045 |a x8y0 
072 7 |a 913(5)  |x Geografie Asie, reálie, cestování  |2 Konspekt  |9 7 
080 |a 72/76.071.1  |2 MRF 
080 |a 910.4  |2 MRF 
080 |a 908(591)  |2 MRF 
080 |a 323  |2 MRF 
080 |a (71)  |2 MRF 
080 |a (084.1)  |2 MRF 
100 1 |a Delisle, Guy,  |d 1966-  |7 xx0089254  |4 aut  |4 ill 
245 1 0 |a Barma :  |b na cestách s Lékaři bez hranic po Myanmaru /  |c Guy Delisle ; přeložila Kateřina Reinischová 
246 3 0 |a Na cestách s Lékaři bez hranic po Myanmaru 
250 |a 1. vyd. v českém jazyce 
260 |a Praha :  |b BB/art,  |c 2011 
300 |a 270 s. :  |b vše il. ;  |c 24 cm 
500 |a Přeloženo z francouzštiny 
600 1 7 |a Delisle, Guy,  |d 1966-  |7 xx0089254  |2 czenas 
648 7 |a 20.-21. století  |7 ch462155  |2 czenas 
648 4 |a 1988-2007 
650 0 7 |a výtvarní umělci  |7 ph116709  |z Kanada  |y 20.-21. století  |2 czenas 
650 0 7 |a cesty a pobyt  |7 ph137578  |z Barma  |2 czenas 
650 0 9 |a artists  |z Canada  |y 20th-21st centuries  |2 eczenas 
650 0 9 |a voyages and travels  |z Burma  |2 eczenas 
651 7 |a Myanmar  |7 ge128718  |x reálie  |2 czenas 
651 7 |a Myanmar  |7 ge128718  |x společnost a politika  |y 1981-2010  |2 czenas 
651 9 |a Burma  |x history and geography  |2 eczenas 
651 9 |a Burma  |x society and politics  |y 1981-2010  |2 eczenas 
655 7 |a komiksy  |7 fd131978  |2 czenas 
655 9 |a comics  |2 eczenas 
765 0 |t Chroniqes Birmanes  |9 Česky 
910 2 |a BOA001  |b 2-1274.834 
990 |a BK 
995 |a 01 
991 |b 201201  |c NOV  |e n 
996 6 |b 2610494838  |c 2-1274.834  |l MZK  |r Sklad / do 1 hodiny  |n 7  |p p.v.  |w 001220194  |u 000010  |a 1  |e BOA001  |j MZK50  |s P